000 00282nam a2200121 i 4500
001 bg
245 0 _aPrace Przemysłowego Instytutu Elektroniki. Nr.81.
260 _aWarszawa,
_c1981.
040 _cBPK
041 _apol
942 _cKS
008 s pl f |000 0 pol
999 _c21684
_d21684
856 _uhttp://koha.tu.koszalin.pl/cgi-bin/koha/opac-detail.pl?biblionumber=21684
_yKatalog online BPK